00595cam a22002051 4500001001300000003000400013005001700017008004100034010001700075035002000092040001800112042001200130050001900142100003100161245008300192260003700275300001800312610004200330999001700372sa 68013468 DLC20260227112622.0890516s1967 io 000 0 ind  asa 68013468  a(OCoLC)23556584 aDLCcMiUdDLC apremarc00aHD2429.I54bP71 aPrawiranegara, Sjafruddin.10aMemperkenalkan azas dan tudjuan Himpunan Usahawan Muslimin Indonesia (HUSAMI). aDjakarta,bBulan Bintang,c1967. a40 p.c18 cm.20aHimpunan Usahawan Muslimin Indonesia. c85126d85126